000 00486nam a2200157 i 4500
001 94723
003 ES-MaACL
007 t|
008 050512s1971 sp ||||1| spa d
100 1 _aLowry, Malcolm.
_974391
245 1 3 _aEl volcán, el mezcal, los comisiarios
_b: (dos cartas) /
_cMalcolm Lowry; [traducción de Sergio Pitol).
260 _aBarcelona :
_bTusquets,
_c1971.
300 _a102 p. ;
_c18 cm.
700 1 _aPitol, Sergio.
_992416
852 _aES-MaACL
_jE-5036
_bR.77438
999 _c94723
_d94723